Examinations (Record no. 99779)
[ view plain ]
| 000 -LEADER | |
|---|---|
| fixed length control field | 01046cam a22001935a 4500 |
| 001 - CONTROL NUMBER | |
| control field | ##J100722 |
| 008 - FIXED-LENGTH DATA ELEMENTS--GENERAL INFORMATION | |
| fixed length control field | 000000s1907 000 0 eng u |
| 035 ## - SYSTEM CONTROL NUMBER | |
| System control number | (Sirsi) u100722 |
| 041 0# - LANGUAGE CODE | |
| Language code of text/sound track or separate title | eng |
| 050 04 - LIBRARY OF CONGRESS CALL NUMBER | |
| Classification number | 333.0062 $2 18 |
| 110 2# - MAIN ENTRY--CORPORATE NAME | |
| Corporate name or jurisdiction name as entry element | Surveyors' Institution |
| 9 (RLIN) | 3783 |
| 245 00 - TITLE STATEMENT | |
| Title | Examinations |
| 260 ## - PUBLICATION, DISTRIBUTION, ETC. | |
| Place of publication, distribution, etc. | [S.l.] |
| Name of publisher, distributor, etc. | [s.n.] |
| Date of publication, distribution, etc. | 1902-07 |
| 300 ## - PHYSICAL DESCRIPTION | |
| Extent | 1 |
| Type of unit | v |
| Dimensions | 22cm. |
| 505 0# - FORMATTED CONTENTS NOTE | |
| Formatted contents note | Rules of examination - Syllabus of subjects and examples of papers set at preliminary and professional examinations 1907 - By-laws - Special certificate examinations (for members) in forestry; sanitary science; land surveying and levelling: rules, syllabus, and example papers - Rules of Scottish examinations - Syllabus of subjects and examples of papers set at preliminary and professional examinations 1906 - Examinations in Ireland qualifying for admission to membership of the institution - Provincial committees - constitution and regulations |
| 651 #4 - SUBJECT ADDED ENTRY--GEOGRAPHIC NAME | |
| Geographic name | Great Britain |
| Chronological subdivision | 1707- |
| 690 ## - LOCAL SUBJECT ADDED ENTRY--TOPICAL TERM (OCLC, RLIN) | |
| Topical term or geographic name as entry element | CAREERS, EDUCATION AND TRAINING-QUALIFICATION ROUTES |
| 942 ## - ADDED ENTRY ELEMENTS (KOHA) | |
| Suppress in OPAC | 0 |
| Withdrawn status | Lost status | Source of classification or shelving scheme | Damaged status | Not for loan | Home library | Current library | Shelving location | Date acquired | Total Checkouts | Full call number | Barcode | Date last seen | Copy number | Price effective from | Koha item type |
|---|---|---|---|---|---|---|---|---|---|---|---|---|---|---|---|
| Dewey Decimal Classification | Historic collection | Historic collection | RICS Boxes | 22/10/1999 | RICS 1907/1 | 30059307 | 06/08/2019 | 1 | 06/08/2019 | Archive |